000 00706nam a2200265Ia 4500
003 OSt
005 20221007110543.0
006 a|||||r|||| 00| 0
007 ta
008 221006b |||||||| |||| 00| 0 eng d
020 _a0471997315
024 _a21,325
037 _cTextual
040 _aLCO
_cLCO
_beng
041 _2eng
_aeng
082 _aY:434:5, L9
100 _aBromley Ray
_9249176
245 0 _aCasual Work and Poverty in Third World Cities
260 _aNew
_bYork John Wiley & Sons U.S.A.
_c1979
300 _a323
650 _aPOVERTY
700 _a Gerry Chris
_9707628
942 _hY:434:5, L9
_cTEXL
999 _c1190888
_d1190888